Statistiques concernant Meilleurs Buteurs de Premier League par Saison depuis 1999/2000

Cliquez ici pour prendre le quiz!

Statistiques générales

  • Ce quiz a été pris 107 fois
  • Le résultat moyen est 19 sur 24

Statistiques - réponses

SaisonClubMeilleur ButeurNombre de Buts% Correct
2015-2016Tottenham HotspurHarry Kane25
98%
2020-2021Tottenham HotspurHarry Kane23
98%
2016-2017Tottenham HotspurHarry Kane29
98%
2021-2022Liverpool FCMohamed Salah23
98%
2017-2018Liverpool FCMohamed Salah32
98%
2022-2023Manchester CityErling Haaland36
97%
2014-2015Manchester CitySergio Aguero26
96%
2001-2002Arsenal FCThierry Henry24
96%
2003-2004Arsenal FCThierry Henry30
96%
2004-2005Arsenal FCThierry Henry25
96%
2005-2006Arsenal FCThierry Henry27
96%
2006-2007Chelsea FCDidier Drogba20
95%
2009-2010Chelsea FCDidier Drogba29
95%
2019-2020Leicester CityJamie Vardy23
95%
2007-2008Manchester UnitedCristiano Ronaldo31
90%
2018-2019Arsenal FCPierre-Emerick Aubameyang22
79%
2011-2012Arsenal FCRobin Van Persie30
78%
2012-2013Manchester UnitedRobin Van Persie26
78%
2013-2014Liverpool FCLuis Suarez31
74%
2002-2003Manchester UnitedRuud Van Nistelrooy25
49%
2010-2011Manchester UnitedDimitar Berbatov20
42%
2008-2009Chelsea FCNicolas Anelka19
39%
2000-2001Chelsea FCJimmy Floyd Hasselbaink23
13%
1999-2000Sunderland AFCKevin Phillips30
11%

Distribution des résultats

Percentile par nombre de réponses

% des personnes avec chaque résultat

Votre développement - résultats

Vous n’avez pas pris ce quiz